000 00443nam a2200145Ia 4500
008 100122s9999 xx 000 0 und d
082 _b49821
_a923.247
100 _aआठवले सदाशिव
245 _aकेमाल पाशा
260 _bश्रीविद्या प्रकाशन
_c1994
300 _a270
630 _aकेमाल पाशा
730 _aकेमाल पाशा
942 _cBOOK
999 _c427662
_d427659